<?xml version="1.0" encoding="UTF-8"?>
<record
    xmlns:xsi="http://www.w3.org/2001/XMLSchema-instance"
    xsi:schemaLocation="http://www.loc.gov/MARC21/slim http://www.loc.gov/standards/marcxml/schema/MARC21slim.xsd"
    xmlns="http://www.loc.gov/MARC21/slim">

  <leader>02955nam a2200481li 4500</leader>
  <controlfield tag="001">DIGDYK0089</controlfield>
  <controlfield tag="003">NyNyDIG</controlfield>
  <controlfield tag="008">140113t20052005sp a    ob    000 0 spa d</controlfield>
  <controlfield tag="006">m     o  d        </controlfield>
  <controlfield tag="007">cr |||||||||||</controlfield>
  <datafield tag="020" ind1=" " ind2=" ">
    <subfield code="a">9788499824789</subfield>
    <subfield code="q">(eBook ;</subfield>
    <subfield code="q">pdf)</subfield>
  </datafield>
  <datafield tag="020" ind1=" " ind2=" ">
    <subfield code="a">8499824781</subfield>
    <subfield code="q">(eBook ;</subfield>
    <subfield code="q">pdf)</subfield>
  </datafield>
  <datafield tag="020" ind1=" " ind2=" ">
    <subfield code="z">8497727487</subfield>
  </datafield>
  <datafield tag="020" ind1=" " ind2=" ">
    <subfield code="z">9788497727488</subfield>
  </datafield>
  <datafield tag="035" ind1=" " ind2=" ">
    <subfield code="a">(OCoLC)888342670</subfield>
  </datafield>
  <datafield tag="040" ind1=" " ind2=" ">
    <subfield code="a">DGITA</subfield>
    <subfield code="b">eng</subfield>
    <subfield code="e">rda</subfield>
    <subfield code="e">pn</subfield>
    <subfield code="c">DGITA</subfield>
  </datafield>
  <datafield tag="050" ind1="1" ind2="4">
    <subfield code="a">HG1708.7 eBook</subfield>
  </datafield>
  <datafield tag="245" ind1="0" ind2="0">
    <subfield code="a">Impacto de las nuevas tecnolog&#xED;as en los canales de distribuci&#xF3;n financieros /</subfield>
    <subfield code="c">coordinadora: Ma. Roc&#xED;o Calero de la Paz ; autores: Ma. Roc&#xED;o Calero de la Paz, Mario Mart&#xED;nez Guerrero, Jos&#xE9; Manuel Ortega Egea, Dra. Mar&#xED;a Victoria Rom&#xE1;n Gonz&#xE1;lez.</subfield>
  </datafield>
  <datafield tag="264" ind1=" " ind2="1">
    <subfield code="a">Madrid :</subfield>
    <subfield code="b">Universidad Rey Juan Carlos, Servicio de Publicaciones :</subfield>
    <subfield code="b">Dykinson S.L.,</subfield>
    <subfield code="c">[2005]</subfield>
  </datafield>
  <datafield tag="264" ind1=" " ind2="4">
    <subfield code="c">&#xA9;2005</subfield>
  </datafield>
  <datafield tag="300" ind1=" " ind2=" ">
    <subfield code="a">1 online resource (149 pages) :</subfield>
    <subfield code="b">illustrations</subfield>
  </datafield>
  <datafield tag="336" ind1=" " ind2=" ">
    <subfield code="a">text</subfield>
    <subfield code="b">txt</subfield>
    <subfield code="2">rdacontent</subfield>
  </datafield>
  <datafield tag="337" ind1=" " ind2=" ">
    <subfield code="a">computer</subfield>
    <subfield code="b">c</subfield>
    <subfield code="2">rdamedia</subfield>
  </datafield>
  <datafield tag="338" ind1=" " ind2=" ">
    <subfield code="a">online resource</subfield>
    <subfield code="b">cr</subfield>
    <subfield code="2">rdacarrier</subfield>
  </datafield>
  <datafield tag="490" ind1="1" ind2=" ">
    <subfield code="a">Ciencias jur&#xED;dicas y sociales ;</subfield>
    <subfield code="v">37</subfield>
  </datafield>
  <datafield tag="505" ind1="0" ind2=" ">
    <subfield code="a">La nueva situaci&#xF3;n de los canales de distribuci&#xF3;n bancarios / Ma. Roc&#xED;o Calero de la Paz y Mario Mart&#xED;nez Guerrero -- Caracterizaci&#xF3;n de la banca por Internet / Mario Mart&#xED;nez Guerrero y Mar&#xED;a Victoria Rom&#xE1;n Gonz&#xE1;lez -- Caracterizaci&#xF3;n de usuarios de servicios de banca online / Mario Mart&#xED;nez Guerrero, Jos&#xE9; Manuel Ortega Egea y Mar&#xED;a Victoria Rom&#xE1;n Gonz&#xE1;lez -- La propensi&#xF3;n de los clienes bancarios al uso de las nuevas tecnolog&#xED;as / Mario Mart&#xED;nez Guerrero y Jos&#xE9; Manuel Ortega Egea -- Los nuevos competidores del sector bancario / Mario Mart&#xED;nez Guerrero y Mar&#xED;a Victoria Rom&#xE1;n Gonz&#xE1;lez -- La utilizaci&#xF3;n de Sistemas de Informaci&#xF3;n Geogr&#xE1;fica (SIG) en el dise&#xF1;o y gesti&#xF3;n de la red de oficinas / Ma. Roc&#xED;o Calero de la Paz.</subfield>
  </datafield>
  <datafield tag="504" ind1=" " ind2=" ">
    <subfield code="a">Includes bibliographical references.</subfield>
  </datafield>
  <datafield tag="588" ind1="0" ind2=" ">
    <subfield code="a">Online resource; title from ePub and PDF title page (Digitalia, viewed January 14, 2014)</subfield>
  </datafield>
  <datafield tag="650" ind1=" " ind2="0">
    <subfield code="a">Internet banking.</subfield>
  </datafield>
  <datafield tag="650" ind1=" " ind2="0">
    <subfield code="a">Banks and banking</subfield>
    <subfield code="x">Technological innovations.</subfield>
  </datafield>
  <datafield tag="655" ind1=" " ind2="0">
    <subfield code="a">Electronic books.</subfield>
  </datafield>
  <datafield tag="700" ind1="1" ind2=" ">
    <subfield code="a">Calero de la Paz, Ma. Roc&#xED;o</subfield>
    <subfield code="q">(Mar&#xED;a Roc&#xED;o),</subfield>
    <subfield code="e">author,</subfield>
    <subfield code="e">editor.</subfield>
  </datafield>
  <datafield tag="700" ind1="1" ind2=" ">
    <subfield code="a">Mart&#xED;nez Guerrero, Mario,</subfield>
    <subfield code="e">author.</subfield>
  </datafield>
  <datafield tag="700" ind1="1" ind2=" ">
    <subfield code="a">Ortega Egea, Jos&#xE9; Manuel,</subfield>
    <subfield code="e">author.</subfield>
  </datafield>
  <datafield tag="700" ind1="1" ind2=" ">
    <subfield code="a">Rom&#xE1;n Gonz&#xE1;lez, Mar&#xED;a Victoria,</subfield>
    <subfield code="e">author.</subfield>
  </datafield>
  <datafield tag="776" ind1="0" ind2="8">
    <subfield code="i">Print version:</subfield>
    <subfield code="t">Impacto de las nuevas tecnolog&#xED;as en los canales de distribuci&#xF3;n financieros.</subfield>
    <subfield code="d">Madrid : Universidad Rey Juan Carlos, Servicio de Publicaciones : Editorial Dykinson, [2005]</subfield>
    <subfield code="z">8497727487</subfield>
    <subfield code="w">(OCoLC)781790384</subfield>
  </datafield>
  <datafield tag="830" ind1=" " ind2="0">
    <subfield code="a">Ciencias jur&#xED;dicas y sociales ;</subfield>
    <subfield code="v">37.</subfield>
  </datafield>
  <datafield tag="793" ind1="0" ind2=" ">
    <subfield code="g">Digitalia eBook Collection:</subfield>
    <subfield code="a">Dykinson Editorial.</subfield>
  </datafield>
  <datafield tag="791" ind1="2" ind2=" ">
    <subfield code="a">Digitalia (Firm)</subfield>
    <subfield code="e">publisher.</subfield>
  </datafield>
  <datafield tag="856" ind1="4" ind2="0">
    <subfield code="3">Digitalia Hisp&#xE1;nica</subfield>
    <subfield code="u">https://www.digitaliapublishing.com/a/8498/</subfield>
  </datafield>
  <datafield tag="910" ind1=" " ind2=" ">
    <subfield code="a">Premium Collection: 2013</subfield>
  </datafield>
  <datafield tag="942" ind1=" " ind2=" ">
    <subfield code="c">RAA</subfield>
  </datafield>
  <datafield tag="952" ind1=" " ind2=" ">
    <subfield code="0">0</subfield>
    <subfield code="1">0</subfield>
    <subfield code="4">0</subfield>
    <subfield code="7">0</subfield>
    <subfield code="8">DEH</subfield>
    <subfield code="a">BD-UIN</subfield>
    <subfield code="b">BD-UIN</subfield>
    <subfield code="d">2025-04-25</subfield>
    <subfield code="l">0</subfield>
    <subfield code="r">2025-04-25</subfield>
    <subfield code="w">2025-04-25</subfield>
    <subfield code="y">RAA</subfield>
  </datafield>
  <datafield tag="999" ind1=" " ind2=" ">
    <subfield code="c">231898</subfield>
    <subfield code="d">231898</subfield>
  </datafield>
</record>
